00840nab a22001937a 4500003000400000005001700004008004100021040000700062100002500069245013900094260007200233300001300305500003800318505008900356650002000445650002500465650001800490773013800508OSt20251230232853.0190605e xxu||||| |||| 00| 0 spa d cPJ aPanozzo, Octavio R. 10aTransición legal, Seguridad Jurídica y la Ley de Bases : buna revisión de las indemnizaciones derogadas /cOctavio R. Panozzo. aCiudad Autónoma de Buenos Aires :bThomson Reuters La Ley,c2024. ap. 35-37 aCita: TR LALEY AR/DOC/2038/2024  t¿Te interesa el texto completo? Solicitalo al correo: koha@justierradelfuego.gov.ar 0aDERECHO LABORAL 0aRELACIONES LABORALES 0aINDEMNIZACION0 02711dCiudad Autónoma de Buenos Aires : Thomson Reuters La Ley, 1999-2002.tRevista de derecho del trabajo. Nº 5 - Septiembre 2024